000 04274cam a22004454i 4500
003 PE-LiUPU
005 20250731165417.0
008 151209s2005 pe grm 000 0 spa d
035 _a(Sirsi) a155449
040 _aPE-LiUPU
_bspa
_cPE-LiUPU
_erda
099 _aTF 3
_bCH46 2005
100 1 _aChico Robles, Arnulfo,
_eautor
245 1 _aPropuesta de la aplicación de los modelos de Terapia estructural y Terapia Enfocada en la solución en un caso de abuso sexual infantil /
_cArnulfo Chico Robles.
264 0 _c2005.
300 _a236 hojas
_c30 cm
336 _atext
_2rdacontent
337 _aunmediated
_2rdamedia
338 _avolume
_2rdacarrier
502 _aTesis
_b(Mg.) --
_cUniversidad Peruana Unión,
_d2005.
504 _aIncluye referencias
520 3 _aEl propósito de este trabajo de investigación fue encontrar los resultados de la aplicación de los métodos de la Terapia Breve Centrada en la Solución en el tratamiento en un caso de abuso sexual infantil. La metodología usada en la presente investigación fue el de un estudio de caso, la misma que corresponde al tipo de investigación cualitativa. El foco de estudio elegido para la intervención terapéutica es de una niña de 10 años de edad que sufrió abuso sexual y a su entorno familiar. Se empezó con una investigación bibliográfica sobre el problema del abuso sexual y sobre las teorías de los modelos terapéuticos para la intervención terapéutica. La investigación se llevó a cabo en el lugar de trabajo del investigador donde se realizó la evaluación y la intervención terapéutica a Ruth (paciente identificada) y al sistema familiar, a través de cinco sesiones por un tiempo aproximado de cinco meses. Para los fines de la recolección de datos, por la naturaleza de la investigación, se hizo uso básicamente de la técnica de la entrevista semiestructurada y la observación participante de las interacciones y de la dinámica del sistema consultante a lo largo de todas las sesiones con los diversos integrales del sistema familiar. Al finalizar cada sesión se pasó a organizar, analizar, interpretar y sistematizar toda la información recogida, como eran las notas tomadas en las sesiones, las transcripciones de las entrevistas y del material fílmico de cada una de las sesiones terapéuticas. El plan de la investigación terapéutica del modelo estructural y enfocada en la solución, siguió los siguientes pasos: en primer lugar, evaluó los efectos del abuso sexual a nivel personal (en Ruth) y a nivel familiar (el impacto en el sistema familiar), después de esto, se pasó a elaborar un plan de intervención terapéutica donde sólo se incluyó a la afectada sino a todo el sistema familiar. El abordaje terapéutico priorizó la funcionalidad del subsistema paternal (la madre) y la seguridad de que no se repita una posible revictimización en su hija; en las siguientes sesiones se trabajó con Ruth el manejo del sentimiento de culpa, el miedo, la desconfianza, el aislamiento, la mejora en el rendimiento académico y la superación de la baja autoestima. De manera paralela a estas intervenciones se realizó la reestructuración de los límites entre los subsistemas de la familia hasta lograr una interacción funcional entre ellos. La aplicación y selección de las técnicas terapéuticas de ambos modelos en la intervención del presente caso de estudio fue efectiva. Las técnicas como: el cuestionamiento del síntoma, la reestructuración cognitiva, la intensificación, la búsqueda de excepciones, la pregunta de la escala y las preguntas del milagro y otras, fueron elementos claves para la recuperación de Ruth y la restauración del sistema familiar.
526 _aSEG44
526 _aSEG26
526 _aP151
526 _aP150
526 _aP149
526 _aP146
526 _aP145
526 _aP126
526 _aP125
526 _aP92
526 _aP75
526 _aP74
526 _aP27
526 _aP15
650 0 4 _aAbuso sexual de menores
_xPsicoterapia
_xMetodología.
596 _a1
942 _2ddc
_cTESIS
999 _aTF 3 CH46 2005
_wALPHANUM
_c8127
_iT01060
_lCCODEBUL3
_mBUL
_r1
_sY
_tTESIS
_u2015-12-9
_xPOSGRADO
_PP54
_o.STAFF. Tesis
_d8127
980 _81
_gALBERTO SANCHEZ Responsable de Automatización